000 00578nam a22001937a 4500
005 20251108174855.0
008 250721s2008 xx 000 0 ara d
082 1 4 _a814.09/حتر
100 1 _aهلسا، غالب
_eمؤلف
245 1 0 _aالهاربون من الحرية /
264 1 _aبيروت :
_bمؤسسة الإنتشار العربي،
_c2008.
300 _a348ص.
650 1 7 _aالمقالات الادبية
650 1 7 _aالنقد
650 1 7 _aالنقد الفلسفي
700 1 _aحتر، ناهض
_eمعد
942 _2ddc
_cBK
999 _c120308
_d120308